Statistics for U.S. General Knowledge #48

Click here to take the quiz!

General Stats

  • This quiz has been taken 9,219 times
  • The average score is 12 of 20

Answer Stats

QuestionAnswer% Correct
Complete the analogy. 13 is to Stripes as 50 is to ______.Stars
97%
What "league" of prestigious colleges includes Harvard, Yale, and six
other American universities?
{Ivy} League
93%
What is the most prominent newspaper in Washington D.C.?Washington {Post}
86%
What is the highest denomination of bill in the board game Monopoly?$500
75%
What island did Dutch colonists buy from Native Americans for the modern-day
equivalent of about $1000 dollars in 1626?
Manhattan
74%
What religious group did William Penn belong to?Quakers
68%
Who comes next in this series: Betty, Rosalynn, Nancy, BarbaraHillary
67%
What type of animal appears on the logo of Klondike bars?Polar bear
67%
What neighborhood is referred to as "Tinsel Town"?Hollywood
63%
What is the largest U.S. state by area that DOESN'T border Canada or Mexico?Nevada
59%
What is the last word in the "Pledge of Allegiance"?All
58%
What female sleuth sometimes works with the Hardy Boys?Nancy Drew
58%
What, according to Ronald Reagan, are the nine most terrifying words
in the English language?
I'm from the
{government}, and I'm
here to help
56%
Who said "When the President does it, that means that it is not illegal"?Richard Nixon
55%
What city hosted the 1904 World's Fair in honor of the 100th anniversary
of the Louisiana Purchase?
Saint Louis
51%
What is either the name of a country or the style of hat worn by Harry Truman?Panama
48%
Among Catholic universities in the United States, which one has the highest
academic ranking according to U.S. News and World Report?
Notre Dame
47%
Put on your thinking cap before answering this question.... Is it on? Good.
What city was John Quincy Adams born in?
Quincy
42%
What trippy TV show from 1990 answered the question "who killed Laura Palmer"?Twin Peaks
39%
Who was Vice Presidential candidate Lloyd Bentsen debating in 1988
when he said "Senator, you're no Jack Kennedy"?
Dan Quayle
34%

Score Distribution

Percentile by Number Answered

Percent of People with Each Score

Your Score History

You have not taken this quiz